LEADER 03288nam 22007334a 450 001 9910457567703321 005 20200520144314.0 010 $a1-280-91275-8 010 $a9786610912759 010 $a0-7656-2213-0 035 $a(CKB)1000000000348436 035 $a(EBL)302403 035 $a(OCoLC)476081500 035 $a(SSID)ssj0000105713 035 $a(PQKBManifestationID)11145022 035 $a(PQKBTitleCode)TC0000105713 035 $a(PQKBWorkID)10101373 035 $a(PQKB)11569734 035 $a(SSID)ssj0000379934 035 $a(PQKBManifestationID)11300135 035 $a(PQKBTitleCode)TC0000379934 035 $a(PQKBWorkID)10372061 035 $a(PQKB)20818476 035 $a(MiAaPQ)EBC3060590 035 $a(MiAaPQ)EBC302403 035 $a(Au-PeEL)EBL3060590 035 $a(CaPaEBR)ebr10178139 035 $a(CaONFJC)MIL91275 035 $a(OCoLC)814498324 035 $a(Au-PeEL)EBL302403 035 $a(OCoLC)253983378 035 $a(EXLCZ)991000000000348436 100 $a20050830d2006 uy 0 101 0 $aeng 135 $aur|n|---||||| 181 $ctxt 182 $cc 183 $acr 200 14$aThe art & craft of case writing$b[electronic resource] /$fWilliam Naumes and Margaret J. Naumes 205 $a2nd ed. 210 $aArmonk, N.Y. $cM.E. Sharpe$dc2006 215 $a1 online resource (296 p.) 300 $aDescription based upon print version of record. 311 $a0-7656-1681-5 320 $aIncludes bibliographical references (p. 243-256) and index. 327 $aContents; List of Exhibits; Preface; Prologue: The Power of Storytelling; 1 What Is a Case and Why Write One?; 2 Objectives-Key to the Case; 3 Finding a Case Site and Gathering Data; 4 Research Cases; 5 The Instructor's Manual, Part 1; 6 Organizing the Case; 7 Testing and Refining the Teaching Case; 8 The Instructor's Manual, Part 2; 9 Notes, Case Series, and Other Supplements; 10 Video and Multimedia Case Studies; Appendix I. Case Example-First Draft "Meyers & Morrison: A Question of Professional Ethics"; Appendix II. Instructor's Manual-First Draft "Meyers & Morrison Instructor's Manual" 327 $aAppendix III. Case Example-Published Version Meyers & Morrison: A Question of Professional EthicsAppendix IV. Instructor's Manual-Final Version Meyers & Morrison: A Question of Professional Ethics; References; For Further Reading; About the Authors; Index 330 $aA practical, comprehensive, and multidisciplinary guide that blends an informal, workshop style with solid theory and practice. It is suitable for those conducting case research in business or the social sciences - whether experienced or novice. It also includes skills for writing both teaching cases and research cases. 517 3 $aArt and craft of case writing 606 $aCase method 606 $aTextbooks$xAuthorship 608 $aElectronic books. 615 0$aCase method. 615 0$aTextbooks$xAuthorship. 676 $a371.39 700 $aNaumes$b William$01050305 701 $aNaumes$b Margaret J$01050306 801 0$bMiAaPQ 801 1$bMiAaPQ 801 2$bMiAaPQ 906 $aBOOK 912 $a9910457567703321 996 $aThe art & craft of case writing$92479981 997 $aUNINA LEADER 02965nam 2200637 450 001 9910464737103321 005 20220217232059.0 010 $a3-11-040094-4 010 $a3-11-040113-4 024 7 $a10.1515/9783110400946 035 $a(CKB)3360000000515997 035 $a(EBL)1759948 035 $a(SSID)ssj0001401774 035 $a(PQKBManifestationID)11766052 035 $a(PQKBTitleCode)TC0001401774 035 $a(PQKBWorkID)11358075 035 $a(PQKB)10671348 035 $a(MiAaPQ)EBC1759948 035 $a(DE-B1597)443589 035 $a(OCoLC)1013938657 035 $a(OCoLC)920717649 035 $a(DE-B1597)9783110400946 035 $a(Au-PeEL)EBL1759948 035 $a(CaPaEBR)ebr11008761 035 $a(CaONFJC)MIL807962 035 $a(OCoLC)898770024 035 $a(EXLCZ)993360000000515997 100 $a20150206h20142014 uy 0 101 0 $ager 135 $aur|n|---||||| 181 $ctxt 182 $cc 183 $acr 200 14$aDer Koheletkommentar des Hieronymus $eEinleitung, revidierter Text, U?bersetzung und Kommentierung /$fElisabeth Birnbaum ; Revision des lateinischen Textes durch Michael Margoni-Ko?gler 210 1$aBerlin, [Germany] ;$aBoston, [Massachusetts] :$cWalter de Gruyter GmbH,$d2014. 210 4$d©2014 215 $a1 online resource (436 p.) 225 0 $aCorpus Scriptorum Ecclesiasticorum Latinorum (CSEL) 300 $aIncludes indexes. 311 $a3-11-037568-0 327 $tFrontmatter --$tVorwort --$tInhaltsverzeichnis --$tEinleitung --$tHieronymi in Ecclesiasten. Hieronymus' Kommentar zu Kohelet --$tKommentierung --$tIndices 330 $aDie Bibelauslegungen der Kirchenväter standen lange Zeit im Schatten ihrer dogmatischen und polemischen Schriften. Die moderne Bibelwissenschaft entdeckt jedoch zunehmend die Notwendigkeit, ihre eigene Tradition kritisch zu analysieren. Dazu ist sie auf die sorgfältige und kompetente Aufarbeitung der exegetischen Tradition angewiesen.Das will der vorliegende Band anhand eines der einflussreichsten patristischen Bibelkommentare leisten, indem er neben einer umfassenden Einführung in die Thematik und einem revidierten lateinischen Text erstmals eine deutsche Übersetzung und eine durchgängige bibelwissenschaftlich fundierte Kommentierung des Werkes bietet.Damit möchte die Publikation zu einer angemessenen Bewertung der hieronymianischen Bibelinterpretation beitragen. 410 0$aCorpus Scriptorum Ecclesiasticorum Latinorum 606 $aRELIGION / Christian Theology / History$2bisacsh 608 $aElectronic books. 615 7$aRELIGION / Christian Theology / History. 676 $a223/.807 700 $aBirnbaum$b Elisabeth$0732765 702 $aMargoni-Ko?gler$b Michael 801 0$bMiAaPQ 801 1$bMiAaPQ 801 2$bMiAaPQ 906 $aBOOK 912 $a9910464737103321 996 $aDer Koheletkommentar des Hieronymus$92472964 997 $aUNINA